[Event "4NCL/Div1a/WRO1 vs. BAR1"]
[Site "Hinckley Island ENG"]
[Date "2009.03.21"]
[Round "7.7"]
[White "Gayson, Peter M"]
[Black "Cox, John J"]
[Result "1/2-1/2"]
[WhiteElo "2258"]
[BlackElo "2364"]
[PlyCount "86"]
[EventDate "2009.03.21"]
[EventType "team"]
[EventRounds "11"]
[EventCountry "ENG"]
[SourceDate "2008.10.04"]

1. e4 e5 2. Nf3 Nc6 3. d4 exd4 4. Bc4 Nf6 5. O-O Nxe4 6. Re1 d5 7. Bxd5 Qxd5 8.
Nc3 Qa5 9. Nxe4 Be6 10. Bd2 Qd5 11. Bg5 Bd6 12. Bf6 O-O 13. Nxd4 Nxd4 14. Qxd4
Qxd4 15. Bxd4 Rfd8 16. Rad1 Bb4 17. c3 Bf8 18. b3 b6 19. Be5 c6 20. Bc7 Rxd1
21. Rxd1 Rc8 22. Bf4 h6 23. Kf1 a5 24. Be3 c5 25. c4 a4 26. Nc3 axb3 27. axb3
Be7 28. Nb5 Bf5 29. Rd2 Ra8 30. Ke2 Ra1 31. Rd1 Ra2+ 32. Rd2 Ra1 33. Rd1 Ra2+
34. Rd2 Ra8 35. Nc7 Ra3 36. Nd5 Kf8 37. Nxe7 Kxe7 38. Rb2 Kd6 39. Kd2 Kc6 40.
b4 Rd3+ 41. Ke2 Rc3 42. bxc5 bxc5 43. Bxc5 Rxc4 1/2-1/2

[Event "4NCL/Div1a/WRO1 vs. BAR1"]
[Site "Hinckley Island ENG"]
[Date "2009.03.21"]
[Round "7.8"]
[White "Lauterbach, Ingrid"]
[Black "Hollingworth, Evie"]
[Result "1-0"]
[WhiteElo "2154"]
[BlackElo "1790"]
[PlyCount "59"]
[EventDate "2009.03.21"]
[EventType "team"]
[EventRounds "11"]
[EventCountry "ENG"]
[SourceDate "2008.10.04"]

1. e4 e5 2. Nc3 Nc6 3. g3 d6 4. Bg2 g6 5. Nge2 Bg7 6. h3 Nge7 7. Nd5 f5 8. exf5
Nxf5 9. c3 Be6 10. Ne3 Qd7 11. Nxf5 Bxf5 12. d3 O-O-O 13. Be3 d5 14. g4 Be6 15.
d4 h5 16. gxh5 Rxh5 17. dxe5 Bxh3 18. Rxh3 Rxh3 19. Nf4 Rhh8 20. e6 Qe8 21. Qg4
Ne7 22. O-O-O Kb8 23. Nxd5 Nxd5 24. Bxd5 c6 25. Be4 Rxd1+ 26. Kxd1 Bh6 27. Bxh6
Qd8+ 28. Bd2 Rf8 29. Bxg6 Qf6 30. Qf4+ 1-0

[Event "4NCL/Div1a/WGHK1 vs. SAMS"]
[Site "Hinckley Island ENG"]
[Date "2009.03.21"]
[Round "7.1"]
[White "Gordon, Stephen J"]
[Black "Purton, Ben J"]
[Result "1-0"]
[WhiteElo "2524"]
[BlackElo "2103"]
[PlyCount "51"]
[EventDate "2009.03.21"]
[EventType "team"]
[EventRounds "11"]
[EventCountry "ENG"]
[SourceDate "2008.10.04"]

1. d4 d5 2. Nf3 Nf6 3. c4 dxc4 4. e3 e6 5. Bxc4 c5 6. O-O Nc6 7. Nc3 a6 8. Qe2
Qc7 9. d5 exd5 10. Nxd5 Nxd5 11. Bxd5 Bd6 12. Bd2 O-O 13. Bc3 Ne7 14. Be4 f5
15. Qc4+ Kh8 16. Bc2 Ng6 17. Rad1 Be7 18. Qd5 Ra7 19. Ne5 Nxe5 20. Bxe5 Qb6 21.
Bb3 Qg6 22. Bb8 Ra8 23. Bc7 Ra7 24. Qe5 Qf6 25. Qxf6 Rxf6 26. Bd8 1-0

[Event "4NCL/Div1a/WGHK1 vs. SAMS"]
[Site "Hinckley Island ENG"]
[Date "2009.03.21"]
[Round "7.2"]
[White "Makepeace, Philip J"]
[Black "Greet, Andrew N"]
[Result "0-1"]
[WhiteElo "2032"]
[BlackElo "2446"]
[PlyCount "44"]
[EventDate "2009.03.21"]
[EventType "team"]
[EventRounds "11"]
[EventCountry "ENG"]
[SourceDate "2008.10.04"]

1. e4 e5 2. Nf3 Nc6 3. d4 exd4 4. Nxd4 Nf6 5. Nxc6 bxc6 6. Bd3 d5 7. exd5 cxd5
8. O-O Be7 9. b3 O-O 10. Bb2 c5 11. Nd2 Rb8 12. Be5 Rb6 13. c4 d4 14. Qc2 Ng4
15. Nf3 Bb7 16. Bxh7+ Kh8 17. Be4 d3 18. Bxg7+ Kxg7 19. Bxd3 Bxf3 20. gxf3 Nxh2
21. Rfd1 Nxf3+ 22. Kg2 Nd4 0-1

[Event "4NCL/Div1a/WGHK1 vs. SAMS"]
[Site "Hinckley Island ENG"]
[Date "2009.03.21"]
[Round "7.3"]
[White "Houska, Jovanka"]
[Black "Varnam, Liam D"]
[Result "1/2-1/2"]
[WhiteElo "2392"]
[BlackElo "2109"]
[PlyCount "87"]
[EventDate "2009.03.21"]
[EventType "team"]
[EventRounds "11"]
[EventCountry "ENG"]
[SourceDate "2008.10.04"]

1. d4 d5 2. Nf3 Nf6 3. c4 c6 4. e3 e6 5. Bd3 Be7 6. O-O O-O 7. b3 b6 8. Bb2 a5
9. a3 Nbd7 10. Nbd2 Bb7 11. Qe2 c5 12. Rfd1 a4 13. Ne5 axb3 14. Nxb3 Bd6 15.
Nxd7 Nxd7 16. dxc5 bxc5 17. Qg4 g6 18. Rab1 Qc7 19. cxd5 Bxd5 20. Bc2 Rfb8 21.
Nc1 Bxh2+ 22. Kh1 Be5 23. Bxe5 Nxe5 24. Qg3 Rxb1 25. Bxb1 Rxa3 26. Nd3 f6 27.
Nf4 Qf7 28. Bf5 exf5 29. Nxd5 Rd3 30. Rxd3 Nxd3 31. Nc3 Ne5 32. e4 Qe6 33. Qe3
Qc4 34. f3 Qd4 35. Qc1 f4 36. Nd5 Nd3 37. Qb1 Kg7 38. Qb7+ Kh6 39. Qf7 Kg5 40.
Nc7 Nf2+ 41. Kh2 Ng4+ 42. fxg4 Qe3 43. Ne6+ Kxg4 44. Qxf6 1/2-1/2

[Event "4NCL/Div1a/WGHK1 vs. SAMS"]
[Site "Hinckley Island ENG"]
[Date "2009.03.21"]
[Round "7.4"]
[White "Kafka, Graeme"]
[Black "McDonald, Neil"]
[Result "0-1"]
[WhiteElo "2104"]
[BlackElo "2401"]
[PlyCount "50"]
[EventDate "2009.03.21"]
[EventType "team"]
[EventRounds "11"]
[EventCountry "ENG"]
[SourceDate "2008.10.04"]

1. e4 e6 2. d4 d5 3. e5 b6 4. Nf3 Ne7 5. b3 c5 6. c3 Nf5 7. Bb5+ Bd7 8. Bd3 Nh4
9. Nxh4 Qxh4 10. Nd2 Nc6 11. Nf3 Qd8 12. Bg5 Be7 13. Bxe7 Qxe7 14. Rc1 cxd4 15.
cxd4 Nxd4 16. Nxd4 Qb4+ 17. Kf1 Qxd4 18. Rc7 Qxe5 19. Qc1 Kd8 20. Rxd7+ Kxd7
21. Bb5+ Ke7 22. Qc6 Rac8 23. Qd7+ Kf6 24. g4 Qe4 25. g5+ Kg6 0-1

[Event "4NCL/Div1a/WGHK1 vs. SAMS"]
[Site "Hinckley Island ENG"]
[Date "2009.03.21"]
[Round "7.6"]
[White "Russell, Chris"]
[Black "Tiller, Bjorn"]
[Result "1/2-1/2"]
[WhiteElo "2076"]
[BlackElo "2370"]
[PlyCount "68"]
[EventDate "2009.03.21"]
[EventType "team"]
[EventRounds "11"]
[EventCountry "ENG"]
[SourceDate "2008.10.04"]

1. e4 a6 2. d4 b5 3. Be3 Bb7 4. Nd2 Nf6 5. Bd3 d6 6. f3 e5 7. c3 c5 8. d5 Nbd7
9. a4 c4 10. Bc2 Be7 11. Ne2 O-O 12. Ng3 Ne8 13. axb5 axb5 14. Rxa8 Qxa8 15.
O-O g6 16. Qa1 Ng7 17. b3 f5 18. Ne2 cxb3 19. Nxb3 Nf6 20. Qxa8 Rxa8 21. Ra1
Ra4 22. Rxa4 bxa4 23. Na5 a3 24. Nc1 Ba6 25. Nc6 Kf7 26. Nb4 Bc4 27. Nca2 Bd8
28. g3 fxe4 29. fxe4 Ng4 30. Ba7 Bg5 31. Bb1 Bd2 32. Kg2 Ne3+ 33. Bxe3 Bxe3 34.
Bd3 Bxa2 1/2-1/2

[Event "4NCL/Div1a/WGHK1 vs. SAMS"]
[Site "Hinckley Island ENG"]
[Date "2009.03.21"]
[Round "7.7"]
[White "Broomfield, Matthew"]
[Black "Willis, Rupert"]
[Result "1-0"]
[WhiteElo "2340"]
[BlackElo "1990"]
[PlyCount "49"]
[EventDate "2009.03.21"]
[EventType "team"]
[EventRounds "11"]
[EventCountry "ENG"]
[SourceDate "2008.10.04"]

1. d4 Nf6 2. c4 e6 3. Nf3 c5 4. g3 d5 5. cxd5 exd5 6. Bg2 Nc6 7. O-O Be7 8. Nc3
O-O 9. dxc5 d4 10. Na4 Bf5 11. Bg5 h6 12. Bxf6 Bxf6 13. Ne1 Re8 14. Nd3 Qd7 15.
Rc1 Be4 16. Bxe4 Rxe4 17. b4 Rae8 18. Re1 Qh3 19. Qb3 g5 20. Nab2 R8e6 21. Nc4
Ne7 22. Nd6 Rg4 23. e4 Rxd6 24. cxd6 Ng6 25. Rc7 1-0

[Event "4NCL/Div1a/WGHK1 vs. SAMS"]
[Site "Hinckley Island ENG"]
[Date "2009.03.21"]
[Round "7.8"]
[White "Sainbayar, Anuurai"]
[Black "Lee, Graham D"]
[Result "1/2-1/2"]
[WhiteElo "1590"]
[BlackElo "2269"]
[PlyCount "90"]
[EventDate "2009.03.21"]
[EventType "team"]
[EventRounds "11"]
[EventCountry "ENG"]
[SourceDate "2008.10.04"]

1. e4 c6 2. d4 d5 3. exd5 cxd5 4. Nf3 Nc6 5. h3 Bf5 6. c3 e6 7. Bd3 Bxd3 8.
Qxd3 Bd6 9. O-O Nf6 10. Bg5 h6 11. Bh4 g5 12. Bg3 Bxg3 13. fxg3 Ne4 14. Nfd2 f5
15. Nxe4 fxe4 16. Qe2 h5 17. Qf2 Qe7 18. Qf6 Qxf6 19. Rxf6 Ke7 20. Rf1 Rhf8 21.
Nd2 Rf5 22. Rae1 Raf8 23. b3 Kd6 24. Re2 b5 25. b4 e5 26. Rxf5 Rxf5 27. Nb3 g4
28. Rf2 Rxf2 29. Kxf2 Ne7 30. dxe5+ Kxe5 31. Nd4 a6 32. Ke3 h4 33. gxh4 gxh3
34. gxh3 Nf5+ 35. Nxf5 Kxf5 36. a3 Ke5 37. h5 Kf5 38. h4 Ke5 39. Kf2 Kf6 40.
Ke3 Kg7 41. Kf4 Kh7 42. Kg3 Kg8 43. Kf4 Kg7 44. Kg3 Kh7 45. Kf4 Kh6 1/2-1/2

[Event "4NCL/Div1a/CAMB1 vs. RIC"]
[Site "Hinckley Island ENG"]
[Date "2009.03.21"]
[Round "7.1"]
[White "Mah, Karl C C"]
[Black "Bates, Richard A"]
[Result "1-0"]
[WhiteElo "2404"]
[BlackElo "2392"]
[PlyCount "85"]
[EventDate "2009.03.21"]
[EventType "team"]
[EventRounds "11"]
[EventCountry "ENG"]
[SourceDate "2008.10.04"]

1. d4 Nf6 2. c4 g6 3. Nc3 Bg7 4. e4 d6 5. Nf3 O-O 6. Be2 Na6 7. O-O e5 8. Re1
c6 9. Bf1 Bg4 10. d5 Ne8 11. Rb1 c5 12. h3 Bc8 13. Nh2 f5 14. exf5 Bxf5 15. Bd3
Nb4 16. Be4 Nf6 17. a3 Nxe4 18. Nxe4 Na6 19. Bg5 Qd7 20. Qd2 h5 21. Nf1 Bxe4
22. Rxe4 Rf7 23. Ng3 b5 24. Qd3 Bf6 25. Bxf6 Rxf6 26. cxb5 Nc7 27. a4 Qf7 28.
Re2 Nxd5 29. Ne4 Nf4 30. Nxf6+ Qxf6 31. Qb3+ c4 32. Qxc4+ d5 33. Qc2 Nxe2+ 34.
Qxe2 e4 35. Qe3 Re8 36. Qxa7 d4 37. b6 e3 38. fxe3 dxe3 39. Rf1 Qe6 40. b7 Qd6
41. Re1 Qd2 42. Qxe3 Qxe1+ 43. Qxe1 1-0

[Event "4NCL/Div1a/CAMB1 vs. RIC"]
[Site "Hinckley Island ENG"]
[Date "2009.03.21"]
[Round "7.2"]
[White "Wall, Gavin"]
[Black "Pinter, Gabor"]
[Result "1-0"]
[WhiteElo "2302"]
[BlackElo "2355"]
[PlyCount "97"]
[EventDate "2009.03.21"]
[EventType "team"]
[EventRounds "11"]
[EventCountry "ENG"]
[SourceDate "2008.10.04"]

1. e4 c5 2. Nf3 g6 3. d4 Bg7 4. dxc5 Qa5+ 5. c3 Qxc5 6. Be3 Qc7 7. Na3 Nc6 8.
Qa4 Nf6 9. Nb5 Qb8 10. Bb6 a6 11. Nc7+ Kf8 12. Nxa8 Qxa8 13. O-O-O d6 14. Bc4
Bh6+ 15. Kb1 Nd7 16. Qb3 Kg7 17. h3 Rf8 18. g4 Bf4 19. Ne1 Nce5 20. Be2 Nxb6
21. Qxb6 Kg8 22. Ng2 Nd7 23. Qd4 Be5 24. Qe3 b5 25. f4 Bg7 26. Bf3 Qb8 27. Qe1
Nc5 28. Rf1 Na4 29. Rf2 Be6 30. Ne3 Rc8 31. Nd5 Qa7 32. Qe3 Rc5 33. f5 Bxd5 34.
Rxd5 Qb8 35. Rxc5 Nxc5 36. Rc2 Be5 37. h4 b4 38. cxb4 Qxb4 39. a3 Qb7 40. fxg6
fxg6 41. h5 Na4 42. Qd2 Kg7 43. h6+ Kf7 44. Qd5+ Qxd5 45. exd5 a5 46. g5 Nc5
47. b4 axb4 48. axb4 Na4 49. Rc6 1-0

[Event "4NCL/Div1a/CAMB1 vs. RIC"]
[Site "Hinckley Island ENG"]
[Date "2009.03.21"]
[Round "7.3"]
[White "Dearing, Eddie"]
[Black "Bisby, Daniel L"]
[Result "1/2-1/2"]
[WhiteElo "2394"]
[BlackElo "2304"]
[PlyCount "82"]
[EventDate "2009.03.21"]
[EventType "team"]
[EventRounds "11"]
[EventCountry "ENG"]
[SourceDate "2008.10.04"]

1. d4 e6 2. e4 d5 3. e5 c5 4. c3 Nc6 5. Nf3 Nh6 6. Bd3 Nf5 7. O-O cxd4 8. Bxf5
exf5 9. Nxd4 Bc5 10. Nf3 O-O 11. Nbd2 Bb6 12. Nb3 h6 13. Re1 Re8 14. Be3 Bc7
15. Bd4 g5 16. g3 Ne7 17. Nc5 Ng6 18. Nd3 Be6 19. h4 Kg7 20. Qd2 gxh4 21. Nf4
Nxf4 22. Qxf4 hxg3 23. fxg3 Bb6 24. Rad1 Qe7 25. Re2 Rh8 26. Rh2 Rag8 27. Kf2
Bxd4+ 28. Qxd4 b6 29. Qf4 Rh7 30. Rdh1 Kf8 31. Rxh6 Rxh6 32. Qxh6+ Ke8 33. Qh7
Qc5+ 34. Nd4 Rg4 35. Rh4 Kd7 36. Qh8 Re4 37. Qb8 Qc7 38. Qxc7+ Kxc7 39. Nf3 a5
40. a3 Kc6 41. Nd4+ Kc5 1/2-1/2

[Event "4NCL/Div1a/CAMB1 vs. RIC"]
[Site "Hinckley Island ENG"]
[Date "2009.03.21"]
[Round "7.4"]
[White "Osborne, Marcus E"]
[Black "Moskovic, David M"]
[Result "0-1"]
[WhiteElo "2192"]
[BlackElo "2307"]
[PlyCount "21"]
[EventDate "2009.03.21"]
[EventType "team"]
[EventRounds "11"]
[EventCountry "ENG"]
[SourceDate "2008.10.04"]

1. d4 Nf6 2. c4 g6 3. Nc3 Bg7 4. e4 d6 5. Be2 O-O 6. Nf3 Na6 7. O-O e5 8. Be3
c6 9. d5 Ng4 10. Bg5 f6 11. Bh4 {There was only one scoresheet submitted for
this game, and the remainder of it is illegible.} 0-1

[Event "4NCL/Div1a/CAMB1 vs. RIC"]
[Site "Hinckley Island ENG"]
[Date "2009.03.21"]
[Round "7.5"]
[White "Gara, Anita"]
[Black "Muter, Donny"]
[Result "1-0"]
[WhiteElo "2318"]
[BlackElo "2207"]
[PlyCount "77"]
[EventDate "2009.03.21"]
[EventType "team"]
[EventRounds "11"]
[EventCountry "ENG"]
[SourceDate "2008.10.04"]

1. e4 c6 2. d4 d5 3. e5 Bf5 4. Nd2 e6 5. Nb3 Nd7 6. Nf3 Ne7 7. Be2 Bg4 8. O-O
Nf5 9. Bg5 Be7 10. Bxe7 Qxe7 11. Rc1 O-O 12. a4 Rac8 13. a5 c5 14. c4 dxc4 15.
Rxc4 cxd4 16. Rxc8 Rxc8 17. Nbxd4 Bxf3 18. Nxf3 Rc5 19. g4 Nh6 20. Qd4 Rxa5 21.
b4 Rd5 22. Qe4 Nf8 23. Rc1 Qd8 24. Kg2 a6 25. Rc4 Ng6 26. Qc2 Qe7 27. Bd3 Kh8
28. Be4 Rd8 29. Rc7 Qxb4 30. Rxb7 Qa5 31. g5 Ng8 32. Bxg6 fxg6 33. Qc6 Qa3 34.
Qxe6 Rf8 35. Rb3 Qa4 36. h3 Qf4 37. Qxa6 Ne7 38. Qd6 Kg8 39. Qxe7 1-0

[Event "4NCL/Div1a/CAMB1 vs. RIC"]
[Site "Hinckley Island ENG"]
[Date "2009.03.21"]
[Round "7.6"]
[White "Franklin, Michael J"]
[Black "Quist, Sven Roy"]
[Result "1/2-1/2"]
[WhiteElo "2226"]
[BlackElo "2136"]
[PlyCount "73"]
[EventDate "2009.03.21"]
[EventType "team"]
[EventRounds "11"]
[EventCountry "ENG"]
[SourceDate "2008.10.04"]

1. d4 Nf6 2. Nf3 g6 3. Bf4 Bg7 4. e3 d6 5. Nbd2 O-O 6. Bc4 b6 7. h3 Bb7 8. O-O
c5 9. Re1 Nbd7 10. c3 Qc7 11. Bh2 a6 12. Qe2 b5 13. Bd3 e5 14. dxe5 Nxe5 15.
Nxe5 dxe5 16. c4 b4 17. f3 Qe7 18. e4 Rfd8 19. Nf1 Bh6 20. Rad1 Nh5 21. g3 Rd4
22. Ne3 Bxe3+ 23. Qxe3 Rad8 24. Be2 R8d7 25. b3 Ng7 26. Kg2 Bc8 27. g4 f6 28.
Rxd4 Rxd4 29. Bg1 Qd6 30. Qc1 Rd2 31. Rd1 Rxd1 32. Qxd1 Qxd1 33. Bxd1 Ne6 34.
Be3 Kf7 35. h4 Nd4 36. Kg3 Bb7 37. Bxd4 1/2-1/2

[Event "4NCL/Div1a/CAMB1 vs. RIC"]
[Site "Hinckley Island ENG"]
[Date "2009.03.21"]
[Round "7.7"]
[White "Pickard, Charles"]
[Black "Meyer, Gordon"]
[Result "0-1"]
[WhiteElo "2207"]
[BlackElo "2160"]
[PlyCount "58"]
[EventDate "2009.03.21"]
[EventType "team"]
[EventRounds "11"]
[EventCountry "ENG"]
[SourceDate "2008.10.04"]

1. Nf3 Nf6 2. c4 g6 3. g3 Bg7 4. Bg2 O-O 5. O-O d6 6. d4 a6 7. Nc3 Nc6 8. h3
Rb8 9. Be3 b5 10. d5 Na5 11. cxb5 axb5 12. Nd4 Bd7 13. b4 Nc4 14. Qd3 e5 15.
dxe6 fxe6 16. Bg5 Qe8 17. Rab1 Kh8 18. Bxf6 Bxf6 19. Ne4 Bg7 20. h4 Ra8 21. Nc3
Ra3 22. Rb3 Ra6 23. e3 e5 24. Nf3 e4 25. Nxe4 Bf5 26. Nd4 Bxe4 27. Bxe4 Rxa2
28. Bd5 Qe5 29. f4 Qxd5 0-1

[Event "4NCL/Div1b/BET vs. PAP"]
[Site "Sunningdale ENG"]
[Date "2008.10.04"]
[Round "1.1"]
[White "Hunt, Adam C"]
[Black "Ward, Chris G"]
[Result "1-0"]
[WhiteElo "2431"]
[BlackElo "2431"]
[PlyCount "117"]
[EventDate "2008.10.04"]
[SourceDate "2008.10.04"]

1. e4 e6 2. d4 d5 3. Nc3 Bb4 4. e5 c5 5. a3 Bxc3+ 6. bxc3 Qa5 7. Bd2 Qa4 8. Qg4
g6 9. Qd1 Nc6 10. Qb1 c4 11. Nf3 h6 12. h4 Bd7 13. g3 O-O-O 14. Bg2 f6 15. exf6
Nxf6 16. Ne5 Nxe5 17. dxe5 Ne4 18. Bxe4 dxe4 19. Be3 Bc6 20. O-O g5 21. h5 Rd5
22. Qb4 Qxb4 23. axb4 a6 24. Rfd1 Rxd1+ 25. Rxd1 Bd5 26. Bc5 Kd7 27. Ra1 g4 28.
Kf1 Rg8 29. Be3 Rf8 30. Ke2 Rf5 31. Rh1 b6 32. Rh4 a5 33. bxa5 bxa5 34. Bxh6 e3
35. Bxe3 Bf3+ 36. Kd2 a4 37. h6 Rf8 38. Kc1 a3 39. Kb1 Ra8 40. Ka2 Bd1 41. h7
Rh8 42. Kxa3 Bxc2 43. Rxg4 Bd3 44. Rd4+ Ke7 45. Bg5+ Kf7 46. Rf4+ Kg6 47. Bh4
Ra8+ 48. Kb4 Kxh7 49. Rf7+ Kg8 50. Re7 Rb8+ 51. Kc5 Rc8+ 52. Kd6 Bf5 53. Rd7
Ra8 54. f3 Bh3 55. Bf6 Bg2 56. Kxe6 Bxf3 57. Kf5 Be2 58. Rg7+ Kf8 59. e6 1-0

[Event "4NCL/Div1b/BET vs. PAP"]
[Site "Sunningdale ENG"]
[Date "2008.10.04"]
[Round "1.2"]
[White "Emms, John M"]
[Black "Ledger, Andrew J"]
[Result "1-0"]
[WhiteElo "2489"]
[BlackElo "2429"]
[PlyCount "79"]
[EventDate "2008.10.04"]
[SourceDate "2008.10.04"]

1. e4 e5 2. Nf3 Nc6 3. Bb5 Nf6 4. O-O Nxe4 5. d4 Nd6 6. Bxc6 dxc6 7. dxe5 Nf5
8. Qxd8+ Kxd8 9. Nc3 Ke8 10. b3 a5 11. Bb2 Bb4 12. Ne4 Be7 13. g4 Nh4 14. Nxh4
Bxh4 15. h3 h5 16. f3 Be6 17. Nc5 Be7 18. Nxe6 fxe6 19. a4 Rd8 20. Rad1 Rxd1
21. Rxd1 hxg4 22. hxg4 Bg5 23. Bc1 Bxc1 24. Rxc1 Ke7 25. Rd1 b5 26. Kg2 Rb8 27.
Kg3 bxa4 28. bxa4 Rb4 29. Kh4 Rxa4 30. Kg5 c5 31. Kg6 Rd4 32. Ra1 a4 33. Kxg7
Kd7 34. g5 Kc6 35. Kf6 Kd5 36. g6 Rf4+ 37. Ke7 Rxf3 38. Rg1 Rh3 39. g7 Rh7 40.
Kf6 1-0

[Event "4NCL/Div1b/BET vs. PAP"]
[Site "Sunningdale ENG"]
[Date "2008.10.04"]
[Round "1.3"]
[White "Ansell, Simon"]
[Black "Summerscale, Aaron"]
[Result "1/2-1/2"]
[WhiteElo "2410"]
[BlackElo "2467"]
[PlyCount "47"]
[EventDate "2008.10.04"]
[SourceDate "2008.10.04"]

1. e4 e6 2. d3 d5 3. Nd2 c5 4. Ngf3 Nc6 5. g3 g6 6. Bg2 Bg7 7. O-O Nge7 8. Re1
b6 9. c3 a5 10. a4 Ra7 11. exd5 exd5 12. Nb3 O-O 13. d4 c4 14. Nbd2 Ba6 15. Nf1
b5 16. axb5 Bxb5 17. h4 h6 18. Ne5 a4 19. Nxc6 Bxc6 20. Ne3 Re8 21. Ng4 Nf5 22.
Rxe8+ Qxe8 23. Bf4 f6 24. Qd2 1/2-1/2

[Event "4NCL/Div1b/BET vs. PAP"]
[Site "Sunningdale ENG"]
[Date "2008.10.04"]
[Round "1.5"]
[White "Duncan, Christopher R"]
[Black "Zhou, Yang-Fan"]
[Result "1-0"]
[WhiteElo "2294"]
[BlackElo "2276"]
[PlyCount "81"]
[EventDate "2008.10.04"]
[SourceDate "2008.10.04"]

1. Nf3 Nf6 2. c4 g6 3. Nc3 Bg7 4. e4 d6 5. d4 O-O 6. Be2 e5 7. O-O Nc6 8. d5
Ne7 9. b4 a5 10. Ba3 axb4 11. Bxb4 Nd7 12. a4 Bh6 13. Nd2 f5 14. Ra3 Rf6 15.
Nb3 Nb8 16. c5 Na6 17. Bxa6 Rxa6 18. Nd2 Bxd2 19. Qxd2 fxe4 20. Nxe4 Rf4 21.
Re1 Bf5 22. f3 Bxe4 23. fxe4 Kg7 24. Qb2 Rf7 25. Bc3 Qa8 26. a5 Kg8 27. Qc1 Qa7
28. Bb4 c6 29. Kh1 cxd5 30. cxd6 Nc6 31. Bc5 Qa8 32. exd5 Nb8 33. Rxe5 Nd7 34.
Re7 Qf8 35. Kg1 Nf6 36. Rf3 Rxa5 37. Rxf7 Qxf7 38. Bd4 Rxd5 39. Bxf6 Rxd6 40.
Qc8+ Qf8 41. Qxf8+ 1-0

[Event "4NCL/Div1b/BET vs. PAP"]
[Site "Sunningdale ENG"]
[Date "2008.10.04"]
[Round "1.6"]
[White "Kilpatrick, Callum"]
[Black "Ledger, David J"]
[Result "1-0"]
[WhiteElo "2184"]
[BlackElo "2254"]
[PlyCount "83"]
[EventDate "2008.10.04"]
[SourceDate "2008.10.04"]

1. e4 e5 2. Nf3 Nc6 3. Bb5 a6 4. Ba4 Nf6 5. O-O Be7 6. Re1 b5 7. Bb3 d6 8. c3
O-O 9. d4 Bg4 10. Be3 Na5 11. Bc2 exd4 12. cxd4 c5 13. h3 Bh5 14. d5 Nd7 15.
Nbd2 Bf6 16. Rb1 Re8 17. g4 Bg6 18. Bf4 Ne5 19. b3 h6 20. Nf1 Nb7 21. a4 Bg5
22. Nxg5 hxg5 23. Bxe5 Rxe5 24. Bd3 Qd7 25. Nd2 f6 26. Nf3 Re7 27. e5 Bxd3 28.
e6 Qe8 29. Qxd3 c4 30. bxc4 Nc5 31. Qc2 Nxa4 32. cxb5 axb5 33. Nd4 Rc8 34. Nc6
Rb7 35. e7 Nc5 36. Qe2 b4 37. Rxb4 Rbc7 38. Rb5 Kh8 39. h4 gxh4 40. f4 Rxc6 41.
dxc6 Rxc6 42. Rb8 1-0

[Event "4NCL/Div1b/BET vs. PAP"]
[Site "Sunningdale ENG"]
[Date "2008.10.04"]
[Round "1.7"]
[White "Ledger, Stephen C"]
[Black "Winkelmann, Elena"]
[Result "1/2-1/2"]
[WhiteElo "2151"]
[BlackElo "2096"]
[PlyCount "124"]
[EventDate "2008.10.04"]
[SourceDate "2008.10.04"]

1. e4 c5 2. c3 d5 3. exd5 Qxd5 4. d4 Nf6 5. Nf3 Bg4 6. Be2 e6 7. Na3 a6 8. Nc2
cxd4 9. Ncxd4 e5 10. Nc2 Qxd1+ 11. Bxd1 Nc6 12. Bg5 Ne4 13. Be3 Be7 14. O-O f6
15. Re1 Nd6 16. Bc5 Rd8 17. Ne3 Be6 18. Bb3 Bxb3 19. axb3 Kf7 20. Bb6 Rd7 21.
Rad1 e4 22. Nd4 Ne5 23. Nef5 Nc8 24. Nxe7 Nxb6 25. Nef5 g6 26. Ng3 f5 27. f3
Rf8 28. fxe4 f4 29. Nge2 Ke7 30. Nc1 Rdd8 31. Nd3 Nbd7 32. Nf3 Nxd3 33. Rxd3
Nc5 34. Rxd8 Rxd8 35. Nd4 Nd3 36. Rd1 Ne5 37. Kf2 Kf6 38. h3 Re8 39. Ke2 Nf7
40. Kf3 g5 41. Nf5 Ne5+ 42. Ke2 Nf7 43. Rd4 Re6 44. b4 h5 45. c4 g4 46. hxg4
hxg4 47. c5 Ng5 48. Nd6 f3+ 49. gxf3 Nxf3 50. Rd5 Ne5 51. Nxb7 Nc6 52. Ke3 Nxb4
53. Rf5+ Ke7 54. Nd6 Kd7 55. Rg5 Kc6 56. Kd4 Nc2+ 57. Kd3 Ne1+ 58. Kc4 Nf3 59.
Rg8 Ne5+ 60. Kd4 Nf3+ 61. Ke3 Kxc5 62. Nb7+ Kb6 1/2-1/2

[Event "4NCL/Div1b/BAR2 vs. GADS"]
[Site "Sunningdale ENG"]
[Date "2008.10.04"]
[Round "1.3"]
[White "Berry, Neil"]
[Black "Jirka, Jiri"]
[Result "0-1"]
[WhiteElo "2323"]
[BlackElo "2448"]
[PlyCount "118"]
[EventDate "2008.10.04"]
[SourceDate "2008.10.04"]

1. d4 d5 2. c4 c6 3. Nf3 Nf6 4. Nc3 a6 5. e3 b5 6. c5 Bg4 7. Qb3 Nbd7 8. a4
Bxf3 9. gxf3 e5 10. Qa3 b4 11. Qxb4 Rb8 12. Qa3 a5 13. Bd2 g6 14. Ne2 exd4 15.
exd4 Bg7 16. Qe3+ Kf8 17. Bc3 h5 18. Qf4 Ne8 19. Qd2 Bh6 20. f4 Ra8 21. Qd3
Ndf6 22. Bg2 Ng7 23. O-O Nf5 24. b4 axb4 25. Bxb4 Nh4 26. Bd2 Nxg2 27. Kxg2 Qc8
28. f3 h4 29. a5 Kg7 30. Ng1 Nh5 31. Nh3 Qc7 32. f5 Ng3 33. Bxh6+ Rxh6 34. f6+
Kxf6 35. Rfb1 Nf5 36. a6 Ra7 37. Rb6 Rh8 38. Rab1 Rha8 39. Rb7 Qc8 40. Rxa7
Rxa7 41. Rb6 Re7 42. Nf2 h3+ 43. Kxh3 Ne3+ 44. Ng4+ Kg5 45. Kg3 Nxg4 46. fxg4
Qxg4+ 47. Kf2 Qf4+ 48. Kg2 Re3 49. Qd1 Ra3 50. Rb2 Rxa6 51. Rf2 Qe4+ 52. Kg1 f5
53. Re2 Qf4 54. Rf2 Qe3 55. Kg2 Ra3 56. Rd2 f4 57. Rf2 Rd3 58. Qb1 Qe4+ 59. Kg1
Rg3+ 0-1

[Event "4NCL/Div1b/BAR2 vs. GADS"]
[Site "Sunningdale ENG"]
[Date "2008.10.04"]
[Round "1.4"]
[White "Cernousek, Lukas"]
[Black "Taylor, Martin R"]
[Result "1-0"]
[WhiteElo "2435"]
[BlackElo "2342"]
[PlyCount "65"]
[EventDate "2008.10.04"]
[SourceDate "2008.10.04"]

1. d4 d5 2. Nf3 Nf6 3. g3 e6 4. Bg2 c5 5. O-O Nc6 6. c4 dxc4 7. dxc5 Bxc5 8.
Qxd8+ Kxd8 9. Nbd2 Ke7 10. Nxc4 Nd5 11. Bd2 Rd8 12. Rac1 Bd7 13. Na5 Bb6 14.
Nxb7 Rdb8 15. e4 Nf6 16. Nd6 Kxd6 17. e5+ Ke7 18. exf6+ gxf6 19. Rc4 Rh8 20.
Bc3 Rac8 21. Nd2 a5 22. Rh4 e5 23. Nc4 Bd4 24. Bxc6 Rxc6 25. Nxa5 Ra6 26. Bxd4
Rxa5 27. Bc3 Rxa2 28. f4 Rha8 29. fxe5 fxe5 30. Bb4+ Ke8 31. Rxh7 Be6 32. Rd1
f6 33. Re7+ 1-0

[Event "4NCL/Div1b/BAR2 vs. GADS"]
[Site "Sunningdale ENG"]
[Date "2008.10.04"]
[Round "1.5"]
[White "Dorrington, Christopher"]
[Black "Snape, Ian"]
[Result "1-0"]
[WhiteElo "2259"]
[BlackElo "2219"]
[PlyCount "81"]
[EventDate "2008.10.04"]
[SourceDate "2008.10.04"]

1. e4 c5 2. Nc3 g6 3. Nf3 Bg7 4. d4 cxd4 5. Nxd4 d6 6. Be3 Nf6 7. f3 O-O 8. Qd2
Nc6 9. Bc4 Bd7 10. O-O-O Rb8 11. h4 b5 12. Bb3 Na5 13. h5 Nc4 14. Qd3 Nxe3 15.
Qxe3 b4 16. Nce2 e5 17. Nf5 gxf5 18. h6 f4 19. Qg1 Bh8 20. g3 Re8 21. gxf4+ Kf8
22. Rxd6 Qc7 23. fxe5 Rxe5 24. Qd4 Qc5 25. Rxd7 Nxd7 26. Qxd7 Re7 27. Qg4 Qe5
28. c3 bxc3 29. Rg1 cxb2+ 30. Kb1 Rc7 31. Qg8+ Ke7 32. Qxf7+ Kd6 33. Rd1+ Kc5
34. Qc4+ Kb6 35. Qb4+ Ka6 36. Bc4+ Rxc4 37. Qxc4+ Kb6 38. Rd5 Qe8 39. a4 a6 40.
Rd6+ Kb7 41. Qd5+ 1-0

[Event "4NCL/Div1b/BAR2 vs. GADS"]
[Site "Sunningdale ENG"]
[Date "2008.10.04"]
[Round "1.6"]
[White "Anderton, David"]
[Black "Twyble, Michael S"]
[Result "0-1"]
[WhiteElo "2239"]
[BlackElo "2261"]
[PlyCount "42"]
[EventDate "2008.10.04"]
[SourceDate "2008.10.04"]

1. d4 d5 2. c4 c6 3. Nc3 Nf6 4. e3 a6 5. Qc2 g6 6. Bd3 Bg7 7. Nf3 O-O 8. O-O b5
9. cxd5 cxd5 10. Ne5 Bb7 11. Bd2 Nfd7 12. f4 Nxe5 13. fxe5 Nc6 14. a3 Rc8 15.
b4 Qd7 16. Qb3 Rfd8 17. a4 Nxe5 18. dxe5 d4 19. Bxg6 dxc3 20. Qxf7+ Kh8 21.
Bxh7 Qg4 0-1